01215nam a2200181Ia 4500001001300000003001000013008004100023040002500064041000700089100001900096245009200115250001100207260003400218300001200252500069000264650006000954700001901014b6603-47451 IT-MiCISF161014s9999||||xx |||||||||||||| ||und|| aIT-MiCISFcIT-MiCISF ait aPellai Alberto 0aCol cavolo la cicogna!bRaccontare ai bambini tutta la verità su amore e sessualità a1a ed. a Gardolo (TN)bEricksonc2009 app. 164 a / educazione-sessuale, infanzia, progetto / Alice è una bambina di 9 anni che sta per veder nascere il suo primo fratellino. I suoi dubbi e le sue domande sono quelle di tutti i bambini che si pongono le prime domande sulla sessualità: "Perché la pancia della mamma diventa sempre più grande?", "Come ha fatto il mio fratellino a entrare in pancia e come farà a uscire?", "Anche io ero in pancia prima di nascere?", "Come fa il bambino a mangiare e respirare quando è nella tua pancia?". In questo libricino i bambini troveranno, oltre alla storia di Alice, giochi, filastrocche e spunti di riflessione che li aiuteranno a saperne di più sull'amore e sulla sessualità. a Genitorialità e problemi educativi / educazionee004 aCalaba Barbara